Kalifornia /
Gorde:
| Beste egile batzuk: | , , , , , |
|---|---|
| Formatua: | |
| Hizkuntza: | italiera |
| Argitaratua: |
Milano :
RCS,
1994
|
| Etiketak: |
Etiketarik gabe, Izan zaitez lehena erregistro honi etiketa jartzen!
|
MARC
| LEADER | 00000ngm a22000007i 4500 | ||
|---|---|---|---|
| 001 | IT\ICCU\UBO\3298850 | ||
| 003 | ItRI | ||
| 005 | 20260124182918.0 | ||
| 008 | 071011s1994 it |||||||||||||||k|||||c | ||
| 028 | 4 | 2 | |a VMFRPPK21143 |
| 028 | 4 | 2 | |a VMFSPPH212 |b 52 |
| 040 | |b ita | ||
| 041 | 7 | |a ita |2 ISO-639-2 | |
| 130 | 0 | |a Kalifornia <film ; 1993> |3 IT\ICCU\UBO\3298858 | |
| 245 | 0 | 0 | |a Kalifornia / |c regia Dominic Sena ; sceneggiatura Tim Metcalfe da un soggetto di Stephen Levy e Tim Metcalfe ; musica Carter Burwell ; fotografia BojanBazelli. |
| 260 | |a Milano : |b RCS, |c 1994 | ||
| 300 | |a 1 videocassetta (VHS) (ca. 118 min.) : |b color., son | ||
| 500 | |a Tit. del contenitore | ||
| 500 | |a Film del 1993, prod. USA; interpreti: Brad Pitt, Juliette Lewis, David Duchovny, Michelle Forbes | ||
| 500 | |a Vietato ai minori di 14 anni. | ||
| 700 | 1 | |a Forbes, Michelle |0 IT\ICCU\LO1V\252792 | |
| 700 | 1 | |a Burwell, Carter |0 IT\ICCU\RAVV\088556 | |
| 700 | 1 | |a Lewis, Juliette |0 IT\ICCU\RAVV\099229 | |
| 700 | 1 | |a Duchovny, David |0 IT\ICCU\RAVV\099589 | |
| 700 | 1 | |a Levy, Stephen |0 IT\ICCU\RAVV\100177 | |
| 700 | 1 | |a Pitt, Brad |0 IT\ICCU\RAVV\100179 | |
| 790 | 1 | |a Pitt, William Bradley |3 IT\ICCU\SBNV\034484 |z Pitt, Brad | |
| 942 | |2 ddc |c VM |n 0 | ||
| 952 | |0 0 |1 0 |4 0 |6 VO_1223_000000000000000 |7 0 |9 27945 |a BO |b BO |d 2026-01-24 |i 9466 |l 0 |o VO 1223 |p BO9466 |r 2026-01-24 18:29:18 |w 2026-01-24 |x [Sebina 5] [1 videocassetta] |y VM |z 1 videocassetta | ||
| 999 | |c 23690 |d 23690 | ||